| 000 | 00357nam a22001337a 4500 | ||
|---|---|---|---|
| 020 | _qPB. | ||
| 040 | _cFIZZA ISHAQ | ||
| 082 |
_a005.133 _bSTE |
||
| 100 |
_aWALSH,NANCY AND LIDIE STEVE. _9132674 |
||
| 245 |
_aMASTERING PERL/TK / _cSTEVE LIDIE AND NANCY WALSH. |
||
| 260 |
_aNEW YORK; _bO'REILLY, _c2002. |
||
| 300 |
_a746 P. ; _c9.1X6.9IN |
||
| 942 |
_2ddc _cBK |
||
| 999 |
_c615754 _d615754 |
||